Statistics for Geography General Knowledge Quiz #6

Click here to take the quiz!

General Stats

  • This quiz has been taken 87 times
  • The average score is 9 of 10

Answer Stats

QuestionAnswer% Correct
How many stars does the American flag feature?50
100%
What is the largest country in the world?Russia
100%
Andorra borders two countries, what are they?Spain/ France
98%
Algeria is the biggest _ _ _ _ _ _ _ countryAfrican
96%
Romeo and Juliet is set in (sweet)Verona, which is in which country?Italy
95%
In what country would you find the city of Zagreb?Croatia
93%
What country would you find Newfoundland?Canada
91%
What is the largest Caribbean island?Cuba
91%
What US state is known as the Lone Star State?Texas
88%
What city will you find The Shard?London
78%

Score Distribution

Percentile by Number Answered

Percent of People with Each Score

Your Score History

You have not taken this quiz